|
|
|
|
| LEADER |
00785nab a2200217 i 4500 |
| 001 |
publ8528 |
| 005 |
20190522153706.0 |
| 008 |
160705s2015 hu o 0|| angol d |
| 022 |
|
|
|a 1435-246X
|
| 024 |
7 |
|
|a 10.1007/s10100-014-0362-7
|2 doi
|
| 024 |
7 |
|
|a 2758813
|2 mtmt
|
| 040 |
|
|
|a SZTE Publicatio Repozitórium
|b hun
|
| 041 |
|
|
|a angol
|
| 100 |
1 |
|
|a Bánhelyi Balázs
|
| 245 |
1 |
0 |
|a Optimal circle covering problems and their applications
|h [elektronikus dokumentum] /
|c Bánhelyi Balázs
|
| 260 |
|
|
|c 2015
|
| 300 |
|
|
|a 815-832
|
| 490 |
0 |
|
|a Central European Journal of Operations Research
|v 23 No. 4
|
| 700 |
0 |
1 |
|a Palatinus Endre
|e aut
|
| 700 |
0 |
1 |
|a Lévai Balázs László
|e aut
|
| 856 |
4 |
0 |
|u http://publicatio.bibl.u-szeged.hu/8528/1/art%253A10.1007%252Fs10100-014-0362-7.pdf
|z Dokumentum-elérés
|